[Event "SK Münster 4 - SF Olfen 1"]
[Site "Verbandsliga 2015/2016"]
[Date "2015.12.12"]
[Round "4.4"]
[White "Voß, Norbert"]
[Black "Althoff, Ralph"]
[Result "1-0"]
[WhiteElo "1854"]
[BlackElo "1978"]
[PlyCount "61"]
[EventDate "2015.??.??"]
[SourceDate "2015.09.20"]

1. c4 f5 2. Nc3 Nf6 3. g3 d6 4. d3 g6 5. Bg2 Bg7 6. e4 fxe4 7. dxe4 Nc6 8. Nge2
O-O 9. O-O Be6 10. b3 Qd7 11. Nf4 Bf7 12. Bd2 g5 13. Nfd5 h6 14. Rc1 Bg6 15.
Nxf6+ Bxf6 16. Be3 e6 17. c5 Qg7 18. Ne2 Rad8 19. cxd6 Rxd6 20. Qc2 Rfd8 21.
Qc4 b6 22. f4 Qd7 23. e5 Bd3 24. Bxc6 Qf7 25. Qa4 Bxe2 26. exd6 Bxf1 27. dxc7
Qxc7 28. Rxf1 Rd3 29. fxg5 Rxe3 30. gxf6 Re5 31. Qg4+ 1-0

[Event "SK Münster 4 - SF Olfen 1"]
[Site "Verbandsliga 2015/2016"]
[Date "2015.12.12"]
[Round "4.5"]
[White "Engelkamp, Stephan"]
[Black "Börger, Andreas"]
[Result "1-0"]
[WhiteElo "1897"]
[BlackElo "1811"]
[PlyCount "63"]
[EventDate "2015.??.??"]
[SourceDate "2015.09.20"]

1. c4 c5 2. Nc3 Nc6 3. g3 g6 4. Bg2 Bg7 5. Nf3 d6 6. O-O Bd7 7. a3 Qc8 8. Re1
Ne5 9. d3 Bc6 10. e4 h5 11. Nxe5 dxe5 12. Be3 b6 13. Rc1 h4 14. b4 hxg3 15.
hxg3 cxb4 16. axb4 Nf6 17. f3 Bh6 18. Qd2 Bg7 19. Kf2 Qd7 20. Rh1 O-O-O 21.
Rxh8 Rxh8 22. b5 Bb7 23. c5 bxc5 24. Na4 Rh2 25. Kg1 Rxg2+ 26. Kxg2 Kb8 27.
Nxc5 Qd8 28. Nxb7 Kxb7 29. Ra1 Qb8 30. Qc3 Qc8 31. Rxa7+ Kb8 32. Qxe5+ 1-0

[Event "SK Münster 4 - SF Olfen 1"]
[Site "Verbandsliga 2015/2016"]
[Date "2015.12.12"]
[Round "4.6"]
[White "Schöpper, Oliver"]
[Black "Preuß, Richard"]
[Result "1-0"]
[WhiteElo "1794"]
[BlackElo "1767"]
[PlyCount "73"]
[EventDate "2015.??.??"]
[SourceDate "2015.09.20"]

1. d4 d5 2. c4 e6 3. g3 Nf6 4. Bg2 c6 5. Nf3 Nbd7 6. O-O Be7 7. Qc2 O-O 8. b3
Re8 9. Bb2 Qc7 10. Nc3 dxc4 11. bxc4 e5 12. dxe5 Nxe5 13. Nxe5 Qxe5 14. Nd5 Qd6
15. c5 Qd8 16. Nxe7+ Qxe7 17. Rfe1 Be6 18. e4 Rad8 19. Be5 Bd7 20. Bc7 Ra8 21.
Bd6 Qd8 22. f4 Qa5 23. Rab1 b6 24. Re3 Be6 25. a4 bxc5 26. f5 Bxf5 27. Bxc5
Bxe4 28. Bxe4 Rxe4 29. Rxe4 Nxe4 30. Bd4 Qd5 31. Qb2 f6 32. Bxa7 Nd2 33. Qb7
Re8 34. Rc1 Nf3+ 35. Kf2 Qd2+ 36. Kxf3 Re3+ 37. Bxe3 1-0

[Event "SK Münster 4 - SF Olfen 1"]
[Site "Verbandsliga 2015/2016"]
[Date "2015.12.12"]
[Round "4.7"]
[White "Boenigk, Winfried"]
[Black "Schlagheck, Thomas"]
[Result "1/2-1/2"]
[WhiteElo "1751"]
[BlackElo "1680"]
[PlyCount "94"]
[EventDate "2015.??.??"]
[SourceDate "2015.09.20"]

1. d4 c5 2. d5 d6 3. c4 e5 4. e4 f5 5. Nc3 Nf6 6. f3 Be7 7. Bd3 f4 8. Bd2 Na6
9. a3 Nc7 10. Qe2 Bd7 11. Nh3 Nh5 12. O-O-O Bh4 13. Nf2 Bxf2 14. Qxf2 Qe7 15.
g4 Nf6 16. h4 O-O-O 17. Kb1 Rdf8 18. b4 b6 19. bxc5 bxc5 20. Ka2 Kd8 21. Rb1
Bc8 22. Nb5 Nxb5 23. Rxb5 Nd7 24. Ba5+ Ke8 25. g5 Kf7 26. Bc7 Ba6 27. Rb3 Rc8
28. Ba5 Rb8 29. Rhb1 Rxb3 30. Rxb3 Rc8 31. Bf1 g6 32. Qc2 Qe8 33. Bh3 Ke7 34.
Rb2 Rb8 35. Rxb8 Qxb8 36. Qa4 Qb7 37. Bxd7 Qxd7 38. Bd8+ Kxd8 39. Qxa6 Qc7 40.
Kb3 Ke7 41. Ka4 Qb8 42. Qb5 Qc7 43. Qc6 Qb8 44. Ka5 Qb3 45. Qc7+ Ke8 46. Qc8+
Kf7 47. Qe6+ Kg7 1/2-1/2

[Event "SK Münster 4 - SF Olfen 1"]
[Site "Verbandsliga 2015/2016"]
[Date "2015.12.12"]
[Round "4.8"]
[White "Stremmer, Hans-Dieter"]
[Black "Limberg, Johannes"]
[Result "0-1"]
[WhiteElo "1761"]
[BlackElo "1431"]
[PlyCount "72"]
[EventDate "2015.??.??"]
[SourceDate "2015.09.20"]

1. Nf3 Nf6 2. c4 c5 3. Nc3 g6 4. d3 Bg7 5. g3 Nc6 6. Bg2 O-O 7. O-O d6 8. Bd2
e6 9. a3 Rb8 10. Rb1 a5 11. Re1 b6 12. Ng5 Bb7 13. Qa4 d5 14. cxd5 Nxd5 15.
Nge4 Nd4 16. Nxd5 Bxd5 17. b4 axb4 18. axb4 Ra8 19. Qd1 Ba2 20. bxc5 Bxb1 21.
Qxb1 Nxe2+ 22. Kf1 Ra1 23. Qxa1 Bxa1 24. Kxe2 Bd4 25. cxb6 Qxb6 26. h4 f5 27.
Ng5 Bxf2 28. Rf1 Bxg3 29. Nf3 Rd8 30. Rc1 Qd6 31. Rc3 Bf4 32. Be1 e5 33. Nd2
Bxd2 34. Bxd2 e4 35. Bg5 exd3+ 36. Kd2 Rb8 0-1

[Event "TV Borken 1 - SG Ahaus-Wessum 1"]
[Site "Verbandsliga 2015/2016"]
[Date "2015.12.12"]
[Round "4.1"]
[White "Schulze Ameling, Hendrik"]
[Black "Schulze-Schwering, Philipp"]
[Result "1/2-1/2"]
[WhiteElo "2025"]
[BlackElo "2047"]
[PlyCount "89"]
[EventDate "2015.??.??"]
[SourceDate "2015.09.20"]

1. d4 Nf6 2. c4 e6 3. Nc3 d5 4. e3 b6 5. cxd5 exd5 6. Bd3 Bb7 7. Nge2 Be7 8.
Ng3 c5 9. O-O O-O 10. dxc5 bxc5 11. Qb3 Qb6 12. Nf5 Bd8 13. Qa3 Nbd7 14. b3 Re8
15. Rd1 a6 16. Qa4 Ne5 17. Bf1 Qe6 18. Ng3 h5 19. Bb2 Neg4 20. Qf4 h4 21. Nf5
g6 22. Nh6+ Nxh6 23. Qxh6 Ng4 24. Qf4 g5 25. Qf3 Bf6 26. h3 Ne5 27. Qe2 Rad8
28. Na4 Rc8 29. Rac1 c4 30. bxc4 Nxc4 31. Bxf6 Qxf6 32. Rb1 Rc7 33. Qg4 Re4 34.
Qh5 Re5 35. Bxc4 dxc4 36. Rb6 Re6 37. Rxe6 fxe6 38. Qe8+ Kg7 39. Nc5 Rxc5 40.
Rd7+ Kh6 41. Rf7 Qa1+ 42. Kh2 Be4 43. Qf8+ Kg6 44. Qg8+ Kh6 45. Qf8+ 1/2-1/2

[Event "TV Borken 1 - SG Ahaus-Wessum 1"]
[Site "Verbandsliga 2015/2016"]
[Date "2015.12.12"]
[Round "4.2"]
[White "Schroer, Klaus"]
[Black "Rosing, Hermann"]
[Result "0-1"]
[WhiteElo "2045"]
[BlackElo "1950"]
[PlyCount "138"]
[EventDate "2015.??.??"]
[SourceDate "2015.09.20"]

1. e4 e5 2. Nf3 Nc6 3. Bb5 f5 4. d4 fxe4 5. Bxc6 dxc6 6. Nxe5 Qh4 7. Qe2 Nf6 8.
O-O Bd6 9. g3 Qh3 10. f4 O-O 11. Nc3 Bf5 12. Nd1 Bxe5 13. dxe5 Bg4 14. Qg2 Qh5
15. exf6 Bxd1 16. fxg7 Rfe8 17. Be3 Rad8 18. h3 Bf3 19. Qh2 Re7 20. g4 Rxg7 21.
Rxf3 exf3 22. Rf1 Qb5 23. b3 Re7 24. c4 Qa5 25. Qf2 Qc3 26. Bc5 Re2 27. Qxf3
Rdd2 28. Rf2 Qxf3 29. Rxf3 Rg2+ 30. Kf1 Rh2 31. Kg1 Rhe2 32. Bxa7 Re1+ 33. Rf1
Rxf1+ 34. Kxf1 Rxa2 35. Bb8 Rh2 36. Bxc7 Rxh3 37. b4 Rc3 38. c5 Rc4 39. Kf2
Rxb4 40. g5 Rb3 41. Ke2 Kf7 42. f5 Rh3 43. Bd8 Ke8 44. Bc7 Rh5 45. Bf4 h6 46.
gxh6 Rxf5 47. Be3 Kf7 48. Kd3 Rh5 49. Kc3 Rh4 50. Bg5 Rg4 51. Be3 Kg6 52. Kd3
Kf5 53. Bd4 Rh4 54. Be3 Ke5 55. Ke2 Ke4 56. Kf2 Rh5 57. Bd2 Rh2+ 58. Ke1 Kd4
59. Bf4 Rh1+ 60. Kf2 Kxc5 61. Kg2 Rh5 62. Kg3 Kd5 63. Kg4 Rh1 64. Kf5 b5 65.
Kg6 c5 66. h7 Rxh7 67. Kxh7 Ke4 68. Bd6 c4 69. Kg6 Kd3 0-1

[Event "TV Borken 1 - SG Ahaus-Wessum 1"]
[Site "Verbandsliga 2015/2016"]
[Date "2015.12.12"]
[Round "4.3"]
[White "Bauland, Thomas"]
[Black "Beckmann, David"]
[Result "0-1"]
[WhiteElo "1862"]
[BlackElo "1991"]
[PlyCount "94"]
[EventDate "2015.??.??"]
[SourceDate "2015.09.20"]

1. d4 d5 2. c4 c6 3. Nc3 Nf6 4. Nf3 Nbd7 5. Bg5 Qa5 6. Qc2 e6 7. cxd5 exd5 8.
e3 Ne4 9. Bd3 Nxg5 10. Nxg5 h6 11. Nf3 Bd6 12. O-O O-O 13. Rac1 Re8 14. a3 Nf6
15. Bf5 Qd8 16. b4 a5 17. Rb1 Bxf5 18. Qxf5 Qe7 19. b5 Bxa3 20. bxc6 bxc6 21.
Ne5 Bd6 22. f4 Reb8 23. Na4 Bxe5 24. fxe5 Ne4 25. Rbc1 Ra6 26. Rb1 Raa8 27.
Rbc1 Qe8 28. Nc3 Nxc3 29. Rxc3 a4 30. Ra3 Qe7 31. Rfa1 Rb4 32. Qc2 Qb7 33. h3
Qb5 34. R1a2 Ra6 35. Kh2 Rc4 36. Qf5 Qb7 37. Qg4 c5 38. Qd1 cxd4 39. exd4 Qb5
40. Qg4 Rg6 41. Qh4 Rc1 42. Rf2 Qb1 43. Qd8+ Kh7 44. g4 Rh1+ 45. Kg3 Qg1+ 46.
Rg2 Qe1+ 47. Rf2 Rg1+ 0-1

[Event "TV Borken 1 - SG Ahaus-Wessum 1"]
[Site "Verbandsliga 2015/2016"]
[Date "2015.12.12"]
[Round "4.4"]
[White "Farwick, Christian"]
[Black "Diehlmann, Christian"]
[Result "0-1"]
[WhiteElo "1828"]
[BlackElo "1874"]
[PlyCount "106"]
[EventDate "2015.??.??"]
[SourceDate "2015.09.20"]

1. Nf3 d5 2. d4 Nf6 3. Bf4 e6 4. e3 c5 5. c3 Nc6 6. Nbd2 Be7 7. Bd3 b6 8. h3
Bb7 9. O-O O-O 10. Ne5 Rc8 11. Qe2 Nxe5 12. Bxe5 Nd7 13. Bh2 f5 14. Nf3 Nf6 15.
Ne5 Bd6 16. Rac1 Nd7 17. f4 Nf6 18. g4 Ne4 19. Bxe4 fxe4 20. Bg3 Bxe5 21. dxe5
Qd7 22. Rcd1 Qa4 23. b3 Qa5 24. Qc2 Rcd8 25. Be1 Qb5 26. Bh4 Rde8 27. a4 Qd7
28. Rf2 Rf7 29. c4 d4 30. Qd2 Qc6 31. Qe1 Rd7 32. Rfd2 Rf8 33. Kh2 Rdf7 34. Bg3
g5 35. f5 exf5 36. gxf5 Rxf5 37. exd4 cxd4 38. Rxd4 e3 39. Rd5 Rf3 40. R1d3 Qe6
41. Rd8 Qc6 42. Rxf8+ Rxf8 43. Rd5 Qg6 44. Qxe3 Bxd5 45. cxd5 Qc2+ 46. Kg1 Qd1+
47. Kh2 Qxd5 48. Qxg5+ Kh8 49. h4 Rf1 50. Kh3 Qh1+ 51. Bh2 Rf3+ 52. Kg4 Rf8 53.
Kh3 Qf1+ 0-1

[Event "TV Borken 1 - SG Ahaus-Wessum 1"]
[Site "Verbandsliga 2015/2016"]
[Date "2015.12.12"]
[Round "4.5"]
[White "Winking, Hendirk"]
[Black "Theißen, Frank"]
[Result "1-0"]
[WhiteElo "1954"]
[BlackElo "1746"]
[PlyCount "28"]
[EventDate "2015.??.??"]
[SourceDate "2015.09.20"]

1. d4 d5 2. c4 e6 3. Nf3 Nf6 4. Nc3 c6 5. Bg5 Nbd7 6. a3 Be7 7. e3 O-O 8. Bd3
dxc4 9. Bxc4 Nd5 10. Bxe7 Qxe7 11. e4 Nxc3 12. bxc3 e5 13. Qc2 Nb6 14. Ba2 Qxa3
1-0

[Event "TV Borken 1 - SG Ahaus-Wessum 1"]
[Site "Verbandsliga 2015/2016"]
[Date "2015.12.12"]
[Round "4.6"]
[White "Rickert, Berthold"]
[Black "Woltering, Martin"]
[Result "0-1"]
[WhiteElo "1803"]
[BlackElo "1733"]
[PlyCount "60"]
[EventDate "2015.??.??"]
[SourceDate "2015.09.20"]

1. c4 f5 2. Nc3 Nf6 3. d4 e6 4. g3 Be7 5. Bg2 d6 6. Nf3 O-O 7. O-O c6 8. Re1
Ne4 9. Qb3 Nd7 10. Nd2 Nxc3 11. Qxc3 e5 12. e4 f4 13. Nf3 fxg3 14. hxg3 exd4
15. Qxd4 Nc5 16. e5 dxe5 17. Qxe5 Bd6 18. Qc3 Bf5 19. Be3 Ne4 20. Qd4 Qe7 21.
Bg5 Qe6 22. Nd2 Bc5 23. Qxc5 Nxc5 24. Rxe6 Nxe6 25. Be3 Rfd8 26. Ne4 Nd4 27.
Bg5 Bxe4 28. Bxe4 Re8 29. f3 h6 30. Bd2 Rxe4 0-1

[Event "TV Borken 1 - SG Ahaus-Wessum 1"]
[Site "Verbandsliga 2015/2016"]
[Date "2015.12.12"]
[Round "4.7"]
[White "Kemper, Josef"]
[Black "Klüppel, Ralf"]
[Result "0-1"]
[WhiteElo "1828"]
[BlackElo "1677"]
[PlyCount "80"]
[EventDate "2015.??.??"]
[SourceDate "2015.09.20"]

1. e4 c6 2. d4 d5 3. e5 Bf5 4. Bd3 Bxd3 5. Qxd3 e6 6. Ne2 Nd7 7. O-O Ne7 8. f4
Qb6 9. Kh1 h5 10. a4 a5 11. c4 dxc4 12. Qxc4 Nf5 13. Rf3 Qa6 14. b3 Nb6 15.
Qxa6 Rxa6 16. Bd2 Nd5 17. Nbc3 Nb4 18. Rc1 Ra8 19. Ne4 Rd8 20. Bxb4 Bxb4 21.
Rd3 Ke7 22. N4g3 Nxg3+ 23. Nxg3 Rd5 24. f5 h4 25. Ne2 exf5 26. Nf4 Rdd8 27. d5
g5 28. d6+ Ke8 29. Ne2 Rh6 30. Nd4 f4 31. Nf5 Rg6 32. Ne7 Re6 33. Ng8 Rxe5 34.
d7+ Kf8 35. Nf6 Ke7 36. Ng4 Re1+ 37. Rxe1+ Bxe1 38. Ne5 Bb4 39. Nf3 f6 40. Nd4
Rxd7 0-1

[Event "TV Borken 1 - SG Ahaus-Wessum 1"]
[Site "Verbandsliga 2015/2016"]
[Date "2015.12.12"]
[Round "4.8"]
[White "Wagner, Nils-Frederic"]
[Black "Terdues, Guido"]
[Result "0-1"]
[WhiteElo "1653"]
[BlackElo "1703"]
[PlyCount "112"]
[EventDate "2015.??.??"]
[SourceDate "2015.09.20"]

1. c4 f5 2. g3 Nf6 3. Bg2 e6 4. Nc3 d5 5. d4 c6 6. cxd5 exd5 7. Nf3 Bd6 8. O-O
O-O 9. Qb3 Nbd7 10. Ng5 Nb6 11. e4 fxe4 12. Ngxe4 Nxe4 13. Nxe4 Bc7 14. Bg5 Qe8
15. Rae1 Qf7 16. Nd2 Bd6 17. Nf3 Qh5 18. h4 Bg4 19. Ne5 Be2 20. Bh3 Bxe5 21. g4
Bxg4 22. dxe5 h6 23. Bc1 Qxh4 24. Re3 h5 25. Rg3 Rae8 26. f4 g5 27. Qd3 Rf7 28.
Bd2 c5 29. Be1 Bxh3 30. Rxh3 Qg4+ 31. Rg3 Qd7 32. Rxg5+ Rg7 33. Qg3 Rf8 34. Qh4
Rxg5+ 35. Qxg5+ Qg7 36. Bh4 Qxg5+ 37. Bxg5 Rf5 38. b3 Kf7 39. Re1 Ke6 40. Kf2
Nd7 41. Rh1 d4 42. Rxh5 Nxe5 43. Ke2 Nf7 44. Rh7 b5 45. Kd3 Kd5 46. Rg7 c4+ 47.
bxc4+ bxc4+ 48. Kd2 Nxg5 49. fxg5 Rf2+ 50. Kd1 Rxa2 51. g6 Ke4 52. Re7+ Kd3 53.
Kc1 Ra1+ 54. Kb2 Rg1 55. g7 c3+ 56. Kb3 c2 0-1